TC3A - Statistiques

Statistiques générales
  • Ce quiz a été pris 9 fois
  • Le résultat moyen est 10 sur 15
Statistiques - réponses
Par images Réponse % Correct
Jeson cornolti
100%
Maxime legras
100%
Valentin hure
100%
Alice Chaumat
80%
Brice Latreille
80%
Chloé Ribeiro
80%
Mathilde peschang
80%
Adam tounsi
60%
Julianna tositti
60%
Mathilde taconnet
60%
Mathis gueritot
60%
Ange pillot
40%
Elisa carriere
40%
Elisa serna
40%
Jessy vindex
40%
Aucun quiz correspondant
Distribution des résultats
% des personnes avec chaque résultat
Percentile par nombre de réponses
Votre historique - résultats
Vous n’avez pas pris ce quiz